02623nam a2200325uu 4500001000800000005001700008007001000025008004100035035001200076040001300088041000800101080000800109100006000117245014500177260004300322300001700365520150000382650003201882650001801914650003001932650003701962650003701999650004202036700005402078942001002132999001902142502001202161526000802173952011602181107633120260507082603.0cr|||||||080415s2008 spa  a1076331 ccomduadb aspa aPIN10aCalderón Vélez, Mónica Patricia4auteaut945305910aEstructuración de perfiles, responsabilidades, proyección y mecanismos de evaluación de la fuerza de ventas de la Compañía Pintuco aMedellín :b[sin publicador],c2008. a72 páginas3 aLa estructura organizacional de una empresa es aquella herramienta que permita identificar la conexión o relaciones de apoyo y dependencia entre las áreas de la empresa, también permite delimitar el alcance y la participación de cada área en el funcionamiento de la empresa; esta herramienta se hace más efectiva si puede complementarse con otras específicas para cada área. En este caso se hablará del complemento relacionado con el área de ventas, específicamente del sistema de ventas de una empresa, el cual se crea con el fin de estructurar el área y definir los procedimientos que se deben seguir para su efectivo funcionamiento. Algunos elementos importantes dentro del sistema de ventas hacen referencia a la estructuración de perfiles, responsabilidades, proyección y mecanismos de evaluación de la fuerza de ventas; cada uno de estos puntos cumple con una función específica de apoyo al sistema. La descripción de perfiles de un determinado puesto es una herramienta que contiene información precisa sobre la misión, funciones, relaciones organizacionales, requerimientos académicos y competencias laborales y personales; esta herramienta sirve de apoyo para la selección del personal, sin perder de vista que la selección del personal no debe enfocarse sólo en un puesto específico sino también en la organización como tal; como base para la estructuraciónde mecanismos de evaluación y seguimiento al desempeño del personal. aCompañía Pintuco961202 aVentas930491 aPerfil profesional918065 aEstructura organizacional954895 aProcedimientos de trabajo915126 7aEvaluación de personal2lemb91721810aEscobar García, Diana Marcela4thseths9444497 cTESIS c445398d445398 b174c17 a176 001040708TESELECaCENDIbCENDId2008-04-15iC996034l0oPIN 04181r2023-04-27 00:00:00t1w2023-04-27yINTER